Carlos III y la España de la Ilustración

Sábháilte in:
Sonraí bibleagrafaíochta
Príomhchruthaitheoir: Domínguez Ortiz, Antonio (Údar)
Formáid: LEABHAR
Teanga:Spáinnis
Foilsithe / Cruthaithe: Madrid, España Alianza 1988
Ábhair:
Clibeanna: Cuir clib leis
Níl clibeanna ann, Bí ar an gcéad duine le clib a chur leis an taifead seo!

MARC

LEADER 00000nam a2200000 a 4500
001 UCX5694
003 CL-VaPUC
005 20210604001540.0
008 930108e19880000SP |||||||||||||||||spa|d
999 |c 225890  |d 225888 
020 |a 9788420695839 
040 |c Pontificia Universidad Católica de Valparaíso 
082 0 4 |a 946.057 DOM 1988  |2 21 
100 0 |a Domínguez Ortiz, Antonio  |e author  |9 322044 
245 1 0 |a Carlos III y la España de la Ilustración 
260 |a Madrid, España  |b Alianza  |c 1988 
300 |a 232 páginas 
583 |a last modification  |c 19930108 00:00:00  |k Rodrigo Vera 
600 0 7 |a CARLOS III  |2 CL-VaPUC  |9 316485  |x MONARQUIA ESPAÑOLA  |z ESPAÑA 
650 0 |a Historia  |9 255047 
852 |a BIBCUR 
942 |c BK  |2 ddc 
945 |d 19930108 00:00:00 
952 |0 0  |1 0  |2 ddc  |4 0  |6 946_057000000000000_DOM_1988  |7 0  |8 A  |9 223798  |a BIBHIS  |b BIBHIS  |d 2019-11-15  |i 292627K  |l 1  |o 946.057 DOM 1988  |p 292627K  |r 2025-01-20  |s 2022-09-15  |t 1  |w 2019-11-15  |y BK  |k HIS